Fornells : (Record n. 24933)

Dettagli MARC
000 -LEADER
fixed length control field 00774nam a2200217 i 4500
003 - CONTROL NUMBER IDENTIFIER
control field IT-RoINE
005 - DATE AND TIME OF LATEST TRANSACTION
control field 20221201135036.0
008 - FIXED-LENGTH DATA ELEMENTS--GENERAL INFORMATION
fixed length control field 971112s1996 sp | r ||| ||cat d
040 ## - CATALOGING SOURCE
Original cataloging agency SpMaBN
Transcribing agency SpMaBN IT-RoINE
Modifying agency IT-RoINE
100 1# - MAIN ENTRY--PERSONAL NAME
Personal name Marquès, Josep M.,
Dates associated with a name 1939-2007
9 (RLIN) 5404
245 10 - TITLE STATEMENT
Title Fornells :
Remainder of title l'església i l'Església /
Statement of responsibility, etc Josep M. Marquès.
260 ## - PUBLICATION, DISTRIBUTION, ETC. (IMPRINT)
Place of publication, distribution, etc Fornells :
Name of publisher, distributor, etc Parròquia de San Cugat de Fornells de la Selva,
Date of publication, distribution, etc 1996.
300 ## - PHYSICAL DESCRIPTION
Extent 82 p. :
Other physical details il. ;
Dimensions 21 cm.
336 ## - CONTENT TYPE
Source rdacontent
Content type term text
337 ## - MEDIA TYPE
Source rdamedia
Media type term unmediated
338 ## - CARRIER TYPE
Source rdacarrier
Carrier type term volume
490 #0 - SERIES STATEMENT
Series statement Col·lecció Sant Feliú ;
Volume number/sequential designation 20
610 24 - SUBJECT ADDED ENTRY--CORPORATE NAME
Corporate name or jurisdiction name as entry element Parroquia de San Cugat (Fornells de la Selva, España)
9 (RLIN) 49464
General subdivision Historia
830 1# - SERIES ADDED ENTRY--UNIFORM TITLE
9 (RLIN) 46467
Uniform title Col·lecció Sant Feliú ;
Volume number/sequential designation 20
942 ## - ADDED ENTRY ELEMENTS (KOHA)
Item type Monografías
Dati di copia
Withdrawn status Lost status Damaged status Not for loan Home library Current library Date acquired Total Checkouts Full call number Barcode Date last seen Price effective from Koha item type
        Iglesia Nacional Española en Roma Iglesia Nacional Española en Roma 22/05/2018   NOVALÍN 578 NOV-0594 22/05/2018 22/05/2018 Monografías